Информационные технологии управления: учебник для вузов

Bibliografiske detaljer
Hovedforfatter: Саак А. Э. Андрей Эрнестович
Andre forfattere: Пахомов Е. В. Евгений Вячеславович, Тюшняков В. Н. Виталий Николаевич
Summary:Исключено из фонда НТБ ТПУ
Sprog:russisk
Udgivet: СПб., Питер, 2008
Udgivelse:2-е изд.
Serier:Учебник для вузов
Format: MixedMaterials
KOHA link:https://koha.lib.tpu.ru/cgi-bin/koha/opac-detail.pl?biblionumber=153750

MARC

LEADER 00000nmm0a2200000 4500
001 153750
005 20231031151518.0
010 |a 9785911806804 
035 |a (RuTPU)RU\TPU\book\166791 
035 |a RU\TPU\book\101425 
090 |a 153750 
100 |a 20060414d2008 m y0rusy50 ca 
101 0 |a rus 
102 |a RU 
105 |a a j 001zy 
200 1 |a Информационные технологии управления  |e учебник для вузов  |f А. Э. Саак, Е. В. Пахомов, В. Н. Тюшняков 
205 |a 2-е изд. 
210 |a СПб.  |c Питер  |d 2008 
215 |a 320 с.  |c ил. 
225 1 |a Учебник для вузов 
333 |a Исключено из фонда НТБ ТПУ 
700 1 |a Саак  |b А. Э.  |g Андрей Эрнестович 
701 1 |a Пахомов  |b Е. В.  |g Евгений Вячеславович 
701 1 |a Тюшняков  |b В. Н.  |g Виталий Николаевич 
801 1 |a RU  |b 63413507  |c 20090216  |g PSBO 
801 2 |a RU  |b 63413507  |c 20211012  |g PSBO 
942 |c MX 
959 |a 27/20090216  |d 2  |e 159,00  |f АНЛ:1  |f ЧЗТЛ:1